Lidský kapitál a investice do vzdělání sborník z výroční 10. mezinárodní vědecké konference
Salvato in:
| Ente Autore: | |
|---|---|
| Altri autori: | |
| Natura: | Libro |
| Lingua: | ceco |
| Pubblicazione: |
Praha 10
Vysoká škola finanční a správní
2007
|
| Serie: | EUPRESS
|
| Soggetti: | |
| Tags: |
Nessun Tag, puoi essere il primo ad aggiungerne!!
|
MARC
| LEADER | 00000nlm$a2200000$$$4500 | ||
|---|---|---|---|
| 001 | 0073821 | ||
| 005 | 20240109070413.7 | ||
| 020 | |a 978-80-86754-95-6 | ||
| 041 | 0 | |a cze | |
| 044 | |a CZ | ||
| 245 | 1 | 0 | |a Lidský kapitál a investice do vzdělání |b sborník z výroční 10. mezinárodní vědecké konference |c vydání připravil: Radim Valenčík |
| 264 | 1 | |a Praha 10 |b Vysoká škola finanční a správní |c 2007 | |
| 300 | |a CD-ROM | ||
| 490 | 1 | |a EUPRESS | |
| 830 | 0 | |a EUPRESS | |
| 610 | 2 | 0 | |a kapitál ľudský |
| 610 | 2 | 0 | |a vzdelanie |
| 610 | 2 | 0 | |a investície |
| 700 | 1 | |a Valenčík, Radim | |
| 110 | 2 | |a Lidský kapitál a investice do vzdělání. Mezinárodní vědecká konference | |